Les mammifères du monde entier

Spremljeno u:
Bibliografski detalji
Glavni autor: H Hvass
Format: Knjiga
Jezik:Undetermined
Izdano: Paris Fernand Nathan
Teme:
Oznake: Dodaj oznaku
Bez oznaka, Budi prvi tko označuje ovaj zapis!
Thư viện lưu trữ: Trung tâm Học liệu Trường Đại học Cần Thơ
LEADER 00431nam a2200169Ia 4500
001 CTU_9350
008 210402s9999 xx 000 0 und d
082 |a 599.004 
082 |b H989 
100 |a H Hvass 
245 0 |a Les mammifères du monde entier 
245 0 |c H Hvass 
260 |a Paris 
260 |b Fernand Nathan 
650 |a mammals 
904 |i Minh, 960927 
980 |a Trung tâm Học liệu Trường Đại học Cần Thơ